000 00329 a2200157 4500
001 175868
020 _a
040 _cMagnum
100 _aCarrasco, Walcyr
240 1 0 _aBalanco coracao
_lpor
245 1 0 _aBalanco coracao
362 0 _a1899
440 1 _aÁtica
697 _aMAGNITO: J/ADOLESCENTE, NAMORO
942 _cBK
999 _c175868
_d175868